|
|
|
|
| LEADER |
00000nam2a2200000 4500 |
| 001 |
197423 |
| 005 |
20231101224744.0 |
| 010 |
|
|
|a 9785996305513
|
| 035 |
|
|
|a (RuTPU)RU\TPU\book\215352
|
| 090 |
|
|
|a 197423
|
| 100 |
|
|
|a 20110610d2012 km y0rusy50 ca
|
| 101 |
0 |
|
|a rus
|
| 102 |
|
|
|a RU
|
| 105 |
|
|
|a a z 001zy
|
| 200 |
0 |
|
|a Вып. 4: Метафизика и математика
|
| 210 |
|
|
|d 2012
|
| 215 |
|
|
|a 463 с.
|c ил.
|
| 320 |
|
|
|a Библиогр.: с. 461.
|
| 320 |
|
|
|a Библиография в примечаниях.
|
| 330 |
|
|
|a Настоящий выпуск посвящен философскому (метафизическому) анализу оснований математики и ее соотношению с физикой. Сборник состоит из четырех частей. В первой части представлены статьи отечественных математиков, в которых рассматриваются фундаментальные проблемы математики. Во вторую часть вошли статьи выдающихся ученых прошлого об основаниях математической науки. Третья часть составлена из статей физиков-теоретиков, в которых обсуждаются вопросы соотношения физики и математики. Наконец, в четвертую часть включены работы философов об основаниях и ключевых проблемах математики. Для научных работников (математиков, физиков и философов), преподавателей вузов, студентов и широкого круга читателей, интересующихся основами мироздания.
|
| 461 |
|
1 |
|0 (RuTPU)RU\TPU\book\221272
|t Метафизика. Век XXI
|o альманах
|f под ред. Ю. С. Владимирова
|v Вып. 4: Метафизика и математика
|d 2006-
|
| 606 |
1 |
|
|a Метафизика
|2 stltpush
|3 (RuTPU)RU\TPU\subj\68166
|9 83649
|
| 606 |
1 |
|
|a Математика
|2 stltpush
|3 (RuTPU)RU\TPU\subj\67327
|9 83171
|
| 610 |
1 |
|
|a метафизический анализ
|
| 610 |
1 |
|
|a философский анализ
|
| 610 |
1 |
|
|a естественные науки
|
| 610 |
1 |
|
|a физические науки
|
| 610 |
1 |
|
|a теория
|
| 610 |
1 |
|
|a история
|
| 610 |
1 |
|
|a теория множеств
|
| 610 |
1 |
|
|a физическая реальность
|
| 610 |
1 |
|
|a Вселенная
|
| 610 |
1 |
|
|a пространство
|
| 610 |
1 |
|
|a время
|
| 610 |
1 |
|
|a формализм
|
| 610 |
1 |
|
|a вероятности
|
| 675 |
|
|
|a 51
|v 3
|
| 686 |
|
|
|a Ю21
|v LBC/SL-A
|2 rubbk
|
| 801 |
|
1 |
|a RU
|b 63413507
|c 20110610
|
| 801 |
|
2 |
|a RU
|b 63413507
|c 20111027
|g RCR
|
| 942 |
|
|
|c BK
|
| 959 |
|
|
|a 60/20110607
|d 1
|e 0,00
|f ЧЗТЛ:1
|